000 00675nam a22002177a 4500
005 20251108165452.0
008 250721s1977 xx 000 0 ara d
082 1 4 _aم/811.609/متن
100 1 _aالدمشقي، البديعي
245 1 0 _aالصبح المنبي عن حيثيه المتنبي /
264 1 _aالقاهره :
_bدار المعارف،
_c1977.
300 _a532ص
490 0 _aذخائر العرب ؛ 36
650 1 7 _aالشعر العباسي
650 1 7 _aتاريخ ونقد
700 1 _aالسقا، مصطفى
_eمحققون
700 1 _aشتا، محمد
700 1 _aزياده، عبده
942 _2ddc
_cREF
999 _c28671
_d28671